[Event "Madrid City-ch Seniors 50"]
[Site "Madrid"]
[Date "2021.04.15"]
[Round "8"]
[White "Garcia Sanz, Eduardo"]
[Black "Fernandez Garcia, Ignacio"]
[Result "0-1"]
[WhiteElo "1777"]
[BlackElo "1801"]
[PlyCount "102"]
[EventDate "2021.04.06"]
[EventType "swiss"]
[EventRounds "9"]
[EventCountry "ESP"]
[SourceTitle "EXT 2022"]
[Source "ChessBase"]
[SourceDate "2021.10.06"]
[SourceVersion "1"]
[SourceVersionDate "2021.10.06"]
[SourceQuality "1"]

1. c4 e5 2. d3 f5 3. Nf3 d6 4. Nc3 Nf6 5. g3 Be7 6. Bg2 0-0 7. 0-0 c6 8. Qb3 Kh8 9. e3 Nbd7 10. d4 Nh5 11. c5 dxc5 12. dxe5 Qc7 13. e4 fxe4 14. Nxe4 Nxe5 15. Nxe5 Qxe5 16. f4 Qc7 17. Be3 b6 18. Rad1 Bg4 19. Rd2 Rad8 20. Rff2 h6 21. h3 Bf5 22. Qd1 Bxe4 23. Qxh5 Bxg2 24. Kxg2 Bf6 25. f5 Bd4 26. Bf4 Qf7 27. Qxf7 Rxf7 28. Be5 Rd5 29. Bxd4 cxd4 30. g4 c5 31. Rfe2 Rfd7 32. Kf3 Kg8 33. Re6 Kf7 34. Ke4 d3 35. b3 b5 36. Rc6 Rd4+ 37. Kf3 c4 38. Ke3 R4d6 39. Rc5 Rd5 40. Rc6 Re7+ 41. Kf2 Rd4 42. bxc4 bxc4 43. Kf3 Rde4 44. a4 Re3+ 45. Kf2 Rxh3 46. Kg2 Rhe3 47. Kf2 R3e4 48. a5 Rxg4 49. Kf3 Rge4 50. f6 gxf6 51. a6 h5 0-1

[Event "Madrid City-ch Seniors 50"]
[Site "Madrid"]
[Date "2021.04.12"]
[Round "5"]
[White "Ghavami, Mahmoud"]
[Black "Garcia Sanz, Eduardo"]
[Result "0-1"]
[WhiteElo "1552"]
[BlackElo "1777"]
[PlyCount "106"]
[EventDate "2021.04.06"]
[EventType "swiss"]
[EventRounds "9"]
[EventCountry "ESP"]
[SourceTitle "EXT 2022"]
[Source "ChessBase"]
[SourceDate "2021.10.06"]
[SourceVersion "1"]
[SourceVersionDate "2021.10.06"]
[SourceQuality "1"]

1. c4 e6 2. e4 c5 3. Nc3 Nc6 4. g3 Nge7 5. Bg2 g6 6. Nge2 Bg7 7. 0-0 0-0 8. d3 d6 9. Bg5 h6 10. Be3 a6 11. Qd2 Kh7 12. h3 Rb8 13. f4 b5 14. Rab1 Nd4 15. g4 b4 16. Bxd4 Bxd4+ 17. Nxd4 bxc3 18. Qxc3 cxd4 19. Qxd4 Qb6 20. Qxb6 Rxb6 21. b4 Bd7 22. a3 Rfb8 23. Rb2 Bc6 24. d4 a5 25. Rfb1 axb4 26. axb4 Kg7 27. Kf2 f5 28. d5 exd5 29. exd5 Bd7 30. Bf3 fxg4 31. hxg4 Ng8 32. Kg3 Nf6 33. g5 hxg5 34. fxg5 Nh7 35. Re1 Re8 36. Rbe2 Rxe2 37. Rxe2 Kf7 38. c5 Rxb4 39. cxd6 Nf8 40. Re7+ Kg8 41. Be4 Rb3+ 42. Kf4 Rb6 43. Ke5 Bg4 44. Re8 Bd7 45. Re7 Ba4 46. Ra7 Be8 47. Ra8 Kf7 48. Rd8 Nd7+ 49. Kf4 Rxd6 50. Ke3 Nb6 51. Rb8 Nxd5+ 52. Kf3 Bc6 53. Rb6 Nxb6 0-1

[Event "Madrid City-ch Seniors 50"]
[Site "Madrid"]
[Date "2021.04.08"]
[Round "3"]
[White "Penas Merino, Ramona"]
[Black "Garcia Sanz, Eduardo"]
[Result "0-1"]
[WhiteElo "1434"]
[BlackElo "1777"]
[PlyCount "92"]
[EventDate "2021.04.06"]
[EventType "swiss"]
[EventRounds "9"]
[EventCountry "ESP"]
[SourceTitle "EXT 2022"]
[Source "ChessBase"]
[SourceDate "2021.10.06"]
[SourceVersion "1"]
[SourceVersionDate "2021.10.06"]
[SourceQuality "1"]

1. d4 d5 2. Bf4 Nf6 3. e3 e6 4. Nd2 Bd6 5. Bg3 b6 6. c3 c6 7. Bd3 Bxg3 8. hxg3 Ba6 9. Bxa6 Nxa6 10. Qa4 Qc8 11. Ngf3 Nd7 12. e4 f6 13. 0-0 0-0 14. exd5 cxd5 15. Rfe1 Re8 16. Rac1 b5 17. Qc2 Qb7 18. Re2 Rac8 19. Qb1 b4 20. c4 dxc4 21. Nxc4 Qd5 22. Rec2 Rb8 23. Ne3 Qb7 24. b3 Nb6 25. Re2 Nc7 26. Qc2 Nb5 27. Qb2 Nc3 28. Rec2 Rbc8 29. Kf1 a5 30. Nd2 Red8 31. Nf3 h5 32. Nd1 Nbd5 33. Nd2 Qb5+ 34. Nc4 Rxc4 35. bxc4 Qxc4+ 36. Ke1 Qxd4 37. Nxc3 Nxc3 38. Rd2 Qe4+ 39. Kf1 Qc4+ 40. Ke1 Rd3 41. Re2 Qd5 42. Qb3 Qxb3 43. axb3 Nxe2 44. Kxe2 Rxb3 45. Rc8+ Kf7 46. Ra8 Ra3 0-1

[Event "Madrid-ch Previa-B"]
[Site "Madrid"]
[Date "2021.02.05"]
[Round "2"]
[White "Rodriguez Povar, Francisco Javier"]
[Black "Garcia Sanz, Eduardo"]
[Result "1/2-1/2"]
[WhiteElo "1594"]
[BlackElo "1823"]
[PlyCount "77"]
[EventDate "2021.02.04"]
[EventType "swiss"]
[EventRounds "9"]
[EventCountry "ESP"]
[SourceTitle "EXT 2022"]
[Source "ChessBase"]
[SourceDate "2021.10.06"]
[SourceVersion "1"]
[SourceVersionDate "2021.10.06"]
[SourceQuality "1"]

1. e4 c5 2. Nf3 e6 3. d4 cxd4 4. Nxd4 a6 5. Nc3 Nc6 6. Nxc6 bxc6 7. Bd3 Qc7 8. 0-0 Nf6 9. Bd2 Bc5 10. Re1 e5 11. Na4 Ba7 12. Be3 d6 13. Bxa7 Rxa7 14. c4 0-0 15. Qc2 Bg4 16. Nc3 Rb8 17. Be2 Be6 18. Rac1 Qb7 19. b3 d5 20. exd5 cxd5 21. Nxd5 Nxd5 22. cxd5 Bxd5 23. Bf1 f6 24. Bc4 Qf7 25. Bxd5 Qxd5 26. Qc4 Rd7 27. Qxd5+ Rxd5 28. Re2 Rbd8 29. g3 Rd1+ 30. Rxd1 Rxd1+ 31. Kg2 Kf7 32. Rc2 Ra1 33. h4 h5 34. Kf3 a5 35. Ke4 Ke6 36. Rc6+ Kd7 37. Rc2 Ke6 38. Rc6+ Kd7 39. Rc2 1/2-1/2

[Event "Madrid-ch Previa-B"]
[Site "Madrid"]
[Date "2021.02.04"]
[Round "1"]
[White "Garcia Sanz, Eduardo"]
[Black "Roquero Redondo, Miguel"]
[Result "1/2-1/2"]
[WhiteElo "1823"]
[BlackElo "1416"]
[PlyCount "112"]
[EventDate "2021.02.04"]
[EventType "swiss"]
[EventRounds "9"]
[EventCountry "ESP"]
[SourceTitle "EXT 2022"]
[Source "ChessBase"]
[SourceDate "2021.10.06"]
[SourceVersion "1"]
[SourceVersionDate "2021.10.06"]
[SourceQuality "1"]

1. e4 c5 2. Nf3 Nc6 3. Bb5 a6 4. Bxc6 dxc6 5. 0-0 Nf6 6. d3 Bg4 7. h3 Bh5 8. Be3 e6 9. Nbd2 Be7 10. a4 0-0 11. a5 Nd7 12. g4 Bg6 13. Nc4 Qc7 14. e5 b5 15. axb6 Nxb6 16. Nxb6 Qxb6 17. Qd2 Qc7 18. Qa5 Qxa5 19. Rxa5 Rfb8 20. Bxc5 Bxc5 21. Rxc5 Rxb2 22. Rxc6 a5 23. Ra1 h6 24. Nh4 Kh7 25. f4 a4 26. Rc3 a3 27. Raxa3 Rxa3 28. Rxa3 Rxc2 29. Nxg6 Kxg6 30. Ra6 Kh7 31. f5 exf5 32. gxf5 Rc5 33. d4 Rb5 34. Rc6 g6 35. fxg6+ fxg6 36. Rc7+ Kg8 37. e6 Kf8 38. Rd7 Rb2 39. d5 Re2 40. Kf1 Re5 41. Kf2 Re4 42. Kf3 Re1 43. h4 Re5 44. Kf4 Re1 45. Rf7+ Ke8 46. Rf6 Ke7 47. Rxg6 Kd6 48. Rxh6 Kxd5 49. Kg5 Re5+ 50. Kf6 Rxe6+ 51. Kg7 Re4 52. Rh8 Rg4+ 53. Kf6 Rc4 54. Rd8+ Ke4 55. Re8+ Kf4 56. Re6 Kg4 1/2-1/2

[Event "Madrid-ch Previa-A"]
[Site "Madrid"]
[Date "2020.02.19"]
[Round "9"]
[White "Alises Fontecha, Juan"]
[Black "Garcia Sanz, Eduardo"]
[Result "1-0"]
[WhiteElo "1586"]
[BlackElo "1832"]
[PlyCount "79"]
[EventDate "2020.02.03"]
[EventType "swiss"]
[EventRounds "9"]
[EventCountry "ESP"]
[SourceTitle "EXT 2021"]
[Source "ChessBase"]
[SourceDate "2020.10.23"]
[SourceVersion "1"]
[SourceVersionDate "2020.10.23"]
[SourceQuality "1"]

1. e4 c5 2. c3 e6 3. d4 cxd4 4. cxd4 Nf6 5. Nc3 Bb4 6. Bd3 Nc6 7. Nf3 h6 8. 0-0 d5 9. e5 Nd7 10. Be3 a6 11. Nd2 Ndxe5 12. dxe5 d4 13. Qg4 Bf8 14. Nc4 dxe3 15. Nd6+ Bxd6 16. exd6 Qxd6 17. Qxg7 Qe5 18. Qg4 exf2+ 19. Rxf2 Bd7 20. Qf3 Rf8 21. Ne4 0-0-0 22. Rc1 f5 23. Nc5 Qd5 24. Qe3 Kb8 25. Nxa6+ Kc8 26. Nb4 Qd6 27. a3 Rde8 28. Qb6 Qc7 29. Qc5 Kd8 30. Bb5 f4 31. Rd2 Rf5 32. Nxc6+ bxc6 33. Qxc6 Qxc6 34. Bxc6 Re7 35. Rcd1 Rff7 36. Rxd7+ Rxd7 37. Rxd7+ Rxd7 38. Bxd7 Kxd7 39. g3 e5 40. gxf4 1-0

[Event "Madrid-ch Previa-A"]
[Site "Madrid"]
[Date "2020.02.12"]
[Round "6"]
[White "Garcia Sanz, Eduardo"]
[Black "Giron Herranz, Juan"]
[Result "1-0"]
[WhiteElo "1832"]
[BlackElo "1580"]
[PlyCount "93"]
[EventDate "2020.02.03"]
[EventType "swiss"]
[EventRounds "9"]
[EventCountry "ESP"]
[SourceTitle "EXT 2021"]
[Source "ChessBase"]
[SourceDate "2020.10.23"]
[SourceVersion "1"]
[SourceVersionDate "2020.10.23"]
[SourceQuality "1"]

1. c4 Nf6 2. Nc3 g6 3. g3 Bg7 4. Bg2 d6 5. e4 0-0 6. Nge2 Nbd7 7. 0-0 c6 8. h3 e5 9. d3 Nb6 10. Be3 Be6 11. f4 exf4 12. Nxf4 Nfd7 13. Nxe6 fxe6 14. Qg4 Rxf1+ 15. Rxf1 Qe8 16. Qh4 Ne5 17. Bh6 Bxh6 18. Qxh6 Qe7 19. d4 Nexc4 20. b3 Na3 21. h4 Qg7 22. Qd2 Rf8 23. Bh3 Rxf1+ 24. Kxf1 Qf6+ 25. Kg2 Kg7 26. Ne2 Nb5 27. Nf4 Nc7 28. a4 e5 29. Ne2 Ne6 30. a5 Na8 31. Qb4 b6 32. Qxd6 Nxd4 33. Qd7+ Qf7 34. Nxd4 Qxd7 35. Bxd7 exd4 36. Bxc6 Nc7 37. axb6 axb6 38. e5 Kf7 39. Kf3 Ke6 40. Kf4 d3 41. Bf3 Nd5+ 42. Ke4 d2 43. Bg4+ Ke7 44. Kxd5 h5 45. Be2 b5 46. b4 Kf7 47. Kd6 1-0

[Event "Madrid-ch Previa-A"]
[Site "Madrid"]
[Date "2020.02.04"]
[Round "2"]
[White "Enriquez Pastor, Jorge"]
[Black "Garcia Sanz, Eduardo"]
[Result "0-1"]
[WhiteElo "1513"]
[BlackElo "1832"]
[PlyCount "82"]
[EventDate "2020.02.03"]
[EventType "swiss"]
[EventRounds "9"]
[EventCountry "ESP"]
[SourceTitle "EXT 2021"]
[Source "ChessBase"]
[SourceDate "2020.10.23"]
[SourceVersion "1"]
[SourceVersionDate "2020.10.23"]
[SourceQuality "1"]

1. e4 c5 2. c4 Nc6 3. Ne2 e6 4. d4 cxd4 5. Nxd4 Nf6 6. Nc3 Bb4 7. f3 Qa5 8. Qd2 0-0 9. Nb3 Qe5 10. a3 Bxc3 11. Qxc3 Qxc3+ 12. bxc3 d6 13. Be2 b6 14. 0-0 Ba6 15. Kf2 Ne5 16. c5 Bxe2 17. Kxe2 bxc5 18. Bf4 Nfd7 19. Rfd1 Rab8 20. Rab1 Rb6 21. Nd2 Rfb8 22. Ra1 Rb2 23. Kf1 R8b6 24. Bxe5 Nxe5 25. h3 g5 26. g3 d5 27. exd5 exd5 28. a4 Rf6 29. Rab1 Rc2 30. Rb8+ Kg7 31. Rb7 Nxf3 32. Ke2 d4 33. cxd4 Nxd4+ 34. Ke3 Rc3+ 35. Ke4 Rxg3 36. Rxa7 Nc6 37. Rc7 Ra3 38. Kd5 Nb4+ 39. Ke5 Rxa4 40. Rg1 Nd3+ 41. Kd5 Rd4# 0-1

[Event "Madrid-ch Seniors 50"]
[Site "Madrid"]
[Date "2020.01.22"]
[Round "8"]
[White "Garcia Sanz, Eduardo"]
[Black "Ortiz Landeira, Jose Antonio"]
[Result "1-0"]
[WhiteElo "1815"]
[BlackElo "1760"]
[PlyCount "83"]
[EventDate "2020.01.13"]
[EventType "swiss"]
[EventRounds "9"]
[EventCountry "ESP"]
[SourceTitle "CBM 194 Extra"]
[Source "ChessBase"]
[SourceDate "2020.03.31"]
[SourceVersion "1"]
[SourceVersionDate "2020.03.31"]
[SourceQuality "1"]

1. c4 c5 2. Nc3 Nc6 3. g3 g6 4. Bg2 Bg7 5. e4 d6 6. Nge2 Bg4 7. h3 Bxe2 8. Nxe2 Rb8 9. a3 e6 10. Rb1 Nge7 11. b4 cxb4 12. axb4 a6 13. d4 b6 14. d5 exd5 15. cxd5 Ne5 16. Bb2 0-0 17. f4 Nd7 18. Bxg7 Kxg7 19. 0-0 b5 20. Ra1 Qb6+ 21. Qd4+ Qxd4+ 22. Nxd4 Rb6 23. Rfc1 Nb8 24. Rc7 Re8 25. g4 Kf8 26. Rac1 Rd8 27. Ra7 Rd7 28. Rcc7 Rxc7 29. Rxc7 Ke8 30. e5 Nd7 31. Nc6 Nxc6 32. dxc6 Nb8 33. exd6 Kd8 34. Bd5 a5 35. bxa5 Ra6 36. Rxf7 Nxc6 37. Be6 Ke8 38. Rxh7 Kf8 39. f5 gxf5 40. gxf5 Ra7 41. d7 Nd8 42. Rh8+ 1-0

[Event "Madrid-ch Seniors 50"]
[Site "Madrid"]
[Date "2020.01.20"]
[Round "6"]
[White "Garcia Sanz, Eduardo"]
[Black "Marin Aso, Jose Luis"]
[Result "1/2-1/2"]
[WhiteElo "1815"]
[BlackElo "1907"]
[PlyCount "76"]
[EventDate "2020.01.13"]
[EventType "swiss"]
[EventRounds "9"]
[EventCountry "ESP"]
[SourceTitle "CBM 194 Extra"]
[Source "ChessBase"]
[SourceDate "2020.03.31"]
[SourceVersion "1"]
[SourceVersionDate "2020.03.31"]
[SourceQuality "1"]

1. c4 Nf6 2. g3 g6 3. Bg2 Bg7 4. e4 d6 5. Nc3 0-0 6. Nge2 Nc6 7. 0-0 a6 8. h3 Rb8 9. a4 Na5 10. b3 c5 11. Rb1 Bd7 12. d4 Nc6 13. dxc5 dxc5 14. Bf4 e5 15. Bg5 h6 16. Be3 Qe7 17. f4 Rbd8 18. fxe5 Nxe5 19. Rxf6 Qxf6 20. Nd5 Qd6 21. Qd2 Kh7 22. Rf1 Bc6 23. Rf4 g5 24. Rf5 Bxd5 25. exd5 Ng6 26. Qd3 Kg8 27. Nc3 Qxg3 28. Ne4 Qxe3+ 29. Qxe3 Bd4 30. Qxd4 cxd4 31. d6 Nh4 32. Rd5 Nxg2 33. Kxg2 f5 34. Nc5 Rf7 35. Rxd4 a5 36. Ne6 Rdd7 37. Nc5 Rd8 38. Ne6 Rdd7 1/2-1/2

[Event "Madrid-ch final"]
[Site "Madrid"]
[Date "2019.05.31"]
[Round "7"]
[White "Pindado Campos, Raul"]
[Black "Garcia Sanz, Eduardo"]
[Result "1-0"]
[WhiteElo "2089"]
[BlackElo "1820"]
[PlyCount "51"]
[EventDate "2019.05.25"]
[EventType "swiss"]
[EventRounds "7"]
[EventCountry "ESP"]
[SourceTitle "CBM 190 Extra"]
[Source "ChessBase"]
[SourceDate "2019.07.15"]
[SourceVersion "1"]
[SourceVersionDate "2019.07.15"]
[SourceQuality "1"]

1. d4 d5 2. Nf3 e6 3. c4 Nf6 4. g3 Be7 5. Bg2 0-0 6. 0-0 c5 7. dxc5 Bxc5 8. Qc2 d4 9. Nbd2 Nc6 10. Nb3 Qb6 11. a3 a5 12. Bd2 Bd7 13. Rab1 a4 14. Nxc5 Qxc5 15. b4 axb3 16. Rxb3 Ra4 17. Rxb7 Rxc4 18. Qb3 Ra8 19. Rb5 Rc3 20. Bxc3 Qxc3 21. Ne5 Nxe5 22. Bxa8 Bxb5 23. Qxb5 Qxa3 24. Qxe5 Qxa8 25. Rb1 Nd7 26. Qxd4 1-0

[Event "Madrid-ch final"]
[Site "Madrid"]
[Date "2019.05.27"]
[Round "3"]
[White "Martinez Fernandez, Raul"]
[Black "Garcia Sanz, Eduardo"]
[Result "1-0"]
[WhiteElo "2202"]
[BlackElo "1820"]
[PlyCount "83"]
[EventDate "2019.05.25"]
[EventType "swiss"]
[EventRounds "7"]
[EventCountry "ESP"]
[SourceTitle "CBM 190 Extra"]
[Source "ChessBase"]
[SourceDate "2019.07.15"]
[SourceVersion "1"]
[SourceVersionDate "2019.07.15"]
[SourceQuality "1"]

1. e4 c5 2. Nf3 e6 3. g3 Nc6 4. Bg2 d5 5. exd5 exd5 6. 0-0 Be7 7. d4 cxd4 8. Nxd4 Nf6 9. Nc3 0-0 10. Be3 Re8 11. Nb3 Be6 12. Bc5 b6 13. Bxe7 Rxe7 14. Nd4 Nxd4 15. Qxd4 Rc8 16. Rfd1 Rec7 17. Bf1 Qf8 18. Ba6 Rd8 19. Rd2 Qc5 20. Nb5 Rcd7 21. c3 Ne4 22. Re2 Ng5 23. Re3 Kf8 24. Rae1 h6 25. h4 Ne4 26. Qd1 Nf6 27. Nd4 Bg4 28. Qa4 Qa5 29. Qxa5 bxa5 30. Nc6 Ra8 31. Nxa5 Be6 32. Nc6 Rc7 33. Nd4 Bd7 34. f3 Rb8 35. b4 Re8 36. Rxe8+ Bxe8 37. Rc1 Re7 38. Kf2 Nd7 39. c4 Nb8 40. Bb5 Bxb5 41. cxb5 Rb7 42. Rc8+ 1-0

[Event "Madrid-ch final"]
[Site "Madrid"]
[Date "2019.05.26"]
[Round "2"]
[White "Garcia Sanz, Eduardo"]
[Black "Yanez Rodriguez, Wilbert"]
[Result "0-1"]
[WhiteElo "1820"]
[BlackElo "2217"]
[PlyCount "104"]
[EventDate "2019.05.25"]
[EventType "swiss"]
[EventRounds "7"]
[EventCountry "ESP"]
[SourceTitle "CBM 190 Extra"]
[Source "ChessBase"]
[SourceDate "2019.07.15"]
[SourceVersion "1"]
[SourceVersionDate "2019.07.15"]
[SourceQuality "1"]

1. c4 g6 2. Nf3 Bg7 3. Nc3 d6 4. g3 c5 5. Bg2 Nc6 6. 0-0 Nf6 7. d4 0-0 8. d5 Na5 9. Qd3 a6 10. Nd2 b5 11. e3 Nxc4 12. Nxc4 bxc4 13. Qxc4 a5 14. Rd1 Ba6 15. Qa4 Rb8 16. a3 Nd7 17. f4 c4 18. Ne4 Rb3 19. Bd2 Bb5 20. Qxa5 Qxa5 21. Bxa5 Bxb2 22. Rab1 Rxa3 23. Rxb2 Rxa5 24. Rc1 Ba6 25. Kf2 Rc8 26. Rc3 Kg7 27. Nd2 Rac5 28. e4 R8c7 29. Bf1 e6 30. dxe6 fxe6 31. Nf3 Nf6 32. Re2 Bb7 33. Nd4 Kf7 34. Bh3 Nxe4+ 35. Rxe4 Bxe4 36. Nxe6 d5 37. Ke3 R5c6 38. Nxc7 Rxc7 39. Bg4 Ra7 40. Bf3 Bxf3 41. Kxf3 Rb7 42. Ke3 Rb3 43. Kd4 Rxc3 44. Kxc3 h5 45. h3 Ke6 46. g4 hxg4 47. hxg4 Kd6 48. Kd4 Ke7 49. Kc3 Kd7 50. Kd4 Kd6 51. Kc3 Kc5 52. g5 d4+ 0-1

[Event "Madrid-ch sf"]
[Site "Madrid"]
[Date "2019.05.13"]
[Round "8"]
[White "Garcia Sanz, Eduardo"]
[Black "Vicente Sastre, Diego"]
[Result "1-0"]
[WhiteElo "1820"]
[BlackElo "1881"]
[PlyCount "105"]
[EventDate "2019.05.06"]
[EventType "swiss"]
[EventRounds "9"]
[EventCountry "ESP"]
[SourceTitle "CBM 190 Extra"]
[Source "ChessBase"]
[SourceDate "2019.07.15"]
[SourceVersion "1"]
[SourceVersionDate "2019.07.15"]
[SourceQuality "1"]

1. c4 Nf6 2. Nf3 g6 3. b3 Bg7 4. Bb2 d6 5. d4 0-0 6. g3 c5 7. d5 e6 8. dxe6 fxe6 9. Bg2 Nc6 10. 0-0 d5 11. Ne5 Qd6 12. Nxc6 bxc6 13. e3 e5 14. Nc3 d4 15. Ne4 Nxe4 16. Bxe4 Bf5 17. Qd3 Rf6 18. Rad1 Raf8 19. Ba3 R8f7 20. Qc2 Qf8 21. Bxf5 Rxf5 22. Qe2 Bh6 23. exd4 exd4 24. Qe6 R5f6 25. Qh3 Rxf2 26. Qe6 Be3 27. Rxf2 Bxf2+ 28. Kg2 Be3 29. Rf1 Qe7 30. Qxf7+ Qxf7 31. Rxf7 Kxf7 32. Bxc5 a6 33. Kf3 Bg1 34. h3 Ke6 35. b4 h5 36. a4 g5 37. b5 cxb5 38. axb5 g4+ 39. hxg4 hxg4+ 40. Kg2 d3 41. Bb4 Be3 42. bxa6 Kd7 43. Kf1 Kc6 44. Ba5 Kd7 45. Ke1 Kc6 46. Kd1 Kd7 47. Bd2 Bf2 48. Bf4 Kc6 49. Kd2 Kb6 50. Be3+ Bxe3+ 51. Kxe3 Kxa6 52. Kxd3 Kb6 53. Ke4 1-0

[Event "Madrid-ch sf"]
[Site "Madrid"]
[Date "2019.05.10"]
[Round "5"]
[White "De la Puerta Cresis, Javier"]
[Black "Garcia Sanz, Eduardo"]
[Result "1-0"]
[WhiteElo "2116"]
[BlackElo "1820"]
[PlyCount "51"]
[EventDate "2019.05.06"]
[EventType "swiss"]
[EventRounds "9"]
[EventCountry "ESP"]
[SourceTitle "CBM 190 Extra"]
[Source "ChessBase"]
[SourceDate "2019.07.15"]
[SourceVersion "1"]
[SourceVersionDate "2019.07.15"]
[SourceQuality "1"]

1. d4 d5 2. c4 e6 3. Nc3 c5 4. cxd5 exd5 5. g3 Nc6 6. Nf3 Nf6 7. Bg2 Be7 8. Bg5 cxd4 9. Nxd4 h6 10. Bf4 0-0 11. 0-0 Bg4 12. h3 Be6 13. Ncb5 Qd7 14. Nxe6 fxe6 15. e4 Rfd8 16. Re1 Bb4 17. Re2 a6 18. Nc7 Rac8 19. exd5 Rxc7 20. Bxc7 Qxc7 21. Rxe6 Qf7 22. Qb3 Bc5 23. dxc6 Bxf2+ 24. Kxf2 Nd5+ 25. Kg1 Qxe6 26. Bxd5 1-0

[Event "Madrid-ch Previa-A"]
[Site "Madrid"]
[Date "2019.02.12"]
[Round "5"]
[White "Fernandez Aransay, Fernando"]
[Black "Garcia Sanz, Eduardo"]
[Result "0-1"]
[WhiteElo "1869"]
[BlackElo "1775"]
[PlyCount "86"]
[EventDate "2019.02.04"]
[EventType "swiss"]
[EventRounds "9"]
[EventCountry "ESP"]
[SourceTitle "EXT 2021"]
[Source "ChessBase"]
[SourceDate "2020.10.23"]
[SourceVersion "1"]
[SourceVersionDate "2020.10.23"]
[SourceQuality "1"]

1. e4 c5 2. Nf3 e6 3. d4 cxd4 4. Nxd4 Nf6 5. Bd3 Qb6 6. Nb3 Nc6 7. Be3 Qc7 8. 0-0 d5 9. Nc3 dxe4 10. Nxe4 Nd5 11. Qh5 g6 12. Qh4 Be7 13. Bg5 Bxg5 14. Qxg5 Qf4 15. a3 Qxg5 16. Nxg5 0-0 17. Rfe1 b6 18. Be4 Bb7 19. c4 Nf6 20. Bf3 Nd8 21. Rad1 Bxf3 22. Nxf3 Rc8 23. Ne5 Rc7 24. Nd4 a6 25. f4 Nb7 26. Ndf3 Na5 27. Rd4 Rfc8 28. Red1 Nxc4 29. Nxc4 Rxc4 30. Rd6 Rc1 31. Kf1 Rxd1+ 32. Rxd1 Nd5 33. Kf2 Rc2+ 34. Rd2 Rxd2+ 35. Nxd2 Nxf4 36. Kf3 Nd3 37. b3 Kf8 38. Ke3 Ne5 39. h3 Ke7 40. Ne4 f5 41. Nc3 Kd6 42. Ne2 g5 43. Nd4 h6 0-1

[Event "Madrid-ch Seniors 50"]
[Site "Madrid"]
[Date "2019.01.14"]
[Round "6"]
[White "Garcia Sanz, Eduardo"]
[Black "Olmos Sanz, Francisco J"]
[Result "0-1"]
[WhiteElo "1795"]
[BlackElo "1574"]
[PlyCount "78"]
[EventDate "2019.01.07"]
[EventType "swiss"]
[EventRounds "9"]
[EventCountry "ESP"]
[SourceTitle "CBM 188 Extra"]
[Source "ChessBase"]
[SourceDate "2019.02.26"]
[SourceVersion "1"]
[SourceVersionDate "2019.02.26"]
[SourceQuality "1"]

1. e4 c5 2. Nf3 d6 3. d4 cxd4 4. Nxd4 Nf6 5. Nc3 a6 6. Be2 Nc6 7. Be3 Bd7 8. 0-0 b5 9. Nxc6 Bxc6 10. f3 e6 11. a3 Be7 12. Qe1 Qc7 13. g4 h6 14. Qg3 Rc8 15. Rad1 Qb7 16. e5 dxe5 17. Qxe5 Qc7 18. Qxc7 Rxc7 19. Bf4 Bc5+ 20. Kg2 Rc8 21. Kg3 0-0 22. Bd6 Bxd6+ 23. Rxd6 Ne8 24. Rd3 Nc7 25. Rfd1 Nd5 26. Ne4 f5 27. Nc5 f4+ 28. Kf2 Ne3 29. Rc1 e5 30. Nxa6 e4 31. Rb3 Nc4 32. Bxc4+ bxc4 33. Rc3 e3+ 34. Ke2 Rfd8 35. Rf1 Rd2+ 36. Ke1 Rcd8 37. Rxe3 fxe3 38. Nb4 Bb5 39. c3 Ba4 0-1

[Event "Madrid-ch Seniors 50"]
[Site "Madrid"]
[Date "2019.01.08"]
[Round "2"]
[White "Garcia Sanz, Eduardo"]
[Black "Cabanas Bravo, Juan Andres"]
[Result "1-0"]
[WhiteElo "1795"]
[BlackElo "1965"]
[PlyCount "101"]
[EventDate "2019.01.07"]
[EventType "swiss"]
[EventRounds "9"]
[EventCountry "ESP"]
[SourceTitle "CBM 188 Extra"]
[Source "ChessBase"]
[SourceDate "2019.02.26"]
[SourceVersion "1"]
[SourceVersionDate "2019.02.26"]
[SourceQuality "1"]

1. d4 Nf6 2. Nf3 g6 3. g3 Bg7 4. Bg2 0-0 5. 0-0 d5 6. c4 dxc4 7. Ne5 Ne8 8. Na3 c5 9. e3 cxd4 10. exd4 Nd6 11. Be3 c3 12. bxc3 Qa5 13. Qb3 Bxe5 14. dxe5 Qxe5 15. Bf4 Qc5 16. Rfe1 Nc6 17. Rad1 Be6 18. Rxe6 fxe6 19. Qxe6+ Nf7 20. Nc4 Ncd8 21. Qe2 Rc8 22. Ne5 Nxe5 23. Bxe5 b6 24. Bh3 Rc6 25. Rd7 Nf7 26. Bd4 Qh5 27. Bg4 Qg5 28. h4 Qc1+ 29. Kg2 Qa3 30. Rxe7 a5 31. Rb7 Qd6 32. Bf3 Qe6 33. Qxe6 Rxe6 34. Bxb6 Nd8 35. Bd5 Nxb7 36. Bxe6+ Kg7 37. Bd5 Nd6 38. Bxa5 Rf5 39. c4 Ne4 40. Bb6 Nd6 41. Bd4+ Kf8 42. g4 Rf4 43. Be5 Rxg4+ 44. Kh3 Nxc4 45. Kxg4 Nxe5+ 46. Kg5 Kg7 47. a4 Nd3 48. a5 Nxf2 49. a6 h6+ 50. Kf4 Nd3+ 51. Kg3 1-0

[Event "Madrid-ch Previa-B"]
[Site "Madrid"]
[Date "2016.02.19"]
[Round "6"]
[White "Garcia Sanz, Eduardo"]
[Black "Garcia Pardo, Maria del Carmen"]
[Result "1/2-1/2"]
[WhiteElo "1847"]
[BlackElo "1429"]
[PlyCount "62"]
[EventDate "2016.02.04"]
[EventType "swiss"]
[EventRounds "9"]
[EventCountry "ESP"]
[SourceTitle "CBM 171 Extra"]
[Source "ChessBase"]
[SourceDate "2016.04.26"]
[SourceVersion "1"]
[SourceVersionDate "2016.04.26"]
[SourceQuality "1"]

1. e4 e5 2. Nf3 Nc6 3. Nc3 Nf6 4. d4 exd4 5. Nd5 Nb4 6. Bc4 Nbxd5 7. exd5 Bb4+ 8. Kf1 0-0 9. Qxd4 h6 10. c3 Ba5 11. d6 Bb6 12. dxc7 Qxc7 13. Bf4 Qc6 14. Qd3 Ng4 15. Nd4 Qf6 16. Qe4 d6 17. Bd3 g6 18. h3 Ne5 19. Bxh6 Bxd4 20. cxd4 Bf5 21. dxe5 Bxe4 22. exf6 Bxd3+ 23. Kg1 Rfd8 24. Rd1 Bf5 25. f3 Rac8 26. g4 Be6 27. h4 Rc5 28. h5 gxh5 29. gxh5 Bxa2 30. Rh2 Kh7 31. Be3 Rf5 1/2-1/2

[Event "Madrid-ch sf-B"]
[Site "Madrid"]
[Date "2013.03.22"]
[Round "6"]
[White "Garcia Sanz, Eduardo"]
[Black "Esquivias Gomez, Francisco Javier"]
[Result "0-1"]
[WhiteElo "2003"]
[BlackElo "1951"]
[PlyCount "132"]
[EventDate "2013.03.07"]
[EventType "swiss"]
[EventRounds "9"]
[EventCountry "ESP"]
[SourceTitle "CBM 153 Extra"]
[Source "ChessBase"]
[SourceDate "2013.04.22"]
[SourceVersion "1"]
[SourceVersionDate "2013.04.22"]
[SourceQuality "1"]

1. c4 e5 2. Nc3 Nc6 3. Nf3 f5 4. d3 Bb4 5. a3 Bxc3+ 6. bxc3 Nf6 7. g3 0-0 8. Bg2 d6 9. 0-0 Qe8 10. Qb3 Kh8 11. Qc2 Qh5 12. Bg5 f4 13. Bxf6 Rxf6 14. d4 Bh3 15. Bxh3 Qxh3 16. Ng5 Qh5 17. h4 exd4 18. Qb2 b6 19. cxd4 Raf8 20. Nf3 Ne7 21. Qb5 Nf5 22. Kh2 fxg3+ 23. fxg3 Qg4 24. Rg1 Nxd4 25. Nxd4 Rf2+ 26. Rg2 Rxg2+ 27. Kxg2 Qxd4 28. Rg1 Qf2+ 29. Kh1 Qxe2 30. Qd7 Qe4+ 31. Kh2 Rf2+ 32. Kh3 h5 33. Qc8+ Kh7 34. Qd7 Qe2 35. Rh1 Qxc4 36. Qc8 Qe4 37. Rg1 Qf5+ 38. Qxf5+ Rxf5 39. Rc1 Rc5 40. Re1 Rc3 41. Re7 a5 42. a4 Kg6 43. Kg2 Kf6 44. Re4 g5 45. hxg5+ Kxg5 46. Rd4 Rc5 47. Kf2 Re5 48. Kf3 Kf5 49. Rh4 Ke6 50. g4 hxg4+ 51. Rxg4 Kd5 52. Rf4 Kc5 53. Kf2 d5 54. Rf7 c6 55. Rf3 Re4 56. Rc3+ Rc4 57. Ra3 Kb4 58. Ra1 Rc3 59. Ke2 d4 60. Kd2 c5 61. Rb1+ Rb3 62. Ra1 c4 63. Kc2 d3+ 64. Kd2 Rb2+ 65. Kc1 Rh2 66. Rb1+ Kc3 0-1